000 00338nam a2200133Ia 4500
008 240624s9999 xx 000 0 und d
041 _aeng
082 _a410 AKM
100 _aAKMAJIAN
245 _aLINGUISTICS AN INTRODUCTION TO LANGUAGE
250 _a(5th ed.)
260 _c2008
_aNew Delhi
_bPrentice-Hall of India
365 _cRS
_b36
999 _c10323
_d10323